Normal view
MARC view
- Varela Álvarez, Enrique J.
Entry Nombre Personal
001 - NUMERO DE CONTROL
- campo de control: 59210
003 - IDENTIFICADOR DE NUMERO DE CONTROL
- campo de control: MX-MxUPN
005 - FECHA Y HORA DE LA ÜLTIMA TRANSACCIÓN
- campo de control: 20260406135006.0
008 - DATOS DE LONGITUD FIJA
- campo de control de longitud fija: 260406nn acnnnaabn a aaa d
040 ## - FUENTE DE CATALOGACIÓN
- Agencia original de catalogación: MX-MxUPN
- Lenguaje de catalogación: spa
100 1# - ENCABEZAMIENTO - NOMBRE PERSONAL
- Nombre personal: Varela Álvarez, Enrique J.
373 ## - GRUPO ASOCIADO
- Fuente del término: lc authorities
- Associated group: Universidade de Vigo
400 1# - VEÁSE - NOMBRE DE PERSONA
- Personal name: Álvarez, Enrique J. Varela
670 ## - FUENTE EN LA QUE SE LOCALIZARON DATOS
- Cita de la fuente: ¿Universidades hibridas?, 2021 :
- Información localizada: portada (Enrique J. Varela Álvarez) solapa (profesor de la Universidad de Vigo)
- Uniform Resource Identifier: http://hdl.handle.net/11093/4039
902 ## - CATALOGADOR
- Catalogador: VíctorGodínez/060426
